London Locations - Sudden Death - Statistics

General Stats
  • This quiz has been taken 471 times
  • The average score is 10 of 16
Answers on the Grid
Answers color-coded by a green-red scale on the quiz's grid according to % correct below.
Anderton Boat Lift
Arthur's Seat
Beamish Museum
Buckingham Palace
Cadbury World
Camden Market
Canary Wharf
Carisbrooke Castle
Clifton Suspension Bridge
Covent Garden
Hadrian's Wall
Hyde Park
Kelvingrove Art Gallery
Kew Gardens
Llandaff Cathedral
Loch Lomond
Marble Arch
National Railway Museum
Royal Albert Hall
St. Paul's Cathedral
Stonehenge
The Cavern Club
The Eden Project
The Kelpies
The O2 Arena
The Royal Mint
The Shard
Tower Bridge
Victoria and Albert Museum
Waterloo Station
Wembley Stadium
Westminster Abbey
 
Answer Stats
Answer % Correct
Westminster Abbey
75%
Tower Bridge
73%
Buckingham Palace
71%
Royal Albert Hall
70%
St. Paul's Cathedral
70%
Wembley Stadium
70%
Hyde Park
69%
Waterloo Station
68%
Covent Garden
66%
Canary Wharf
63%
The Shard
63%
Camden Market
61%
The O2 Arena
61%
Victoria and Albert Museum
60%
Kew Gardens
54%
Marble Arch
47%
No matching quizzes found
Score Distribution
Percent of People with Each Score
Percentile by Number Answered
Your Score History
You have not taken this quiz